01207nam a2200253Ia 4500003000900000008004100009020002100050040001600071080002100087111010100108245019000209260007200399300002300471490003300494650003200527650005000559650005300609650003900662700003500701710005500736942000700791999001700798952013800815IN-BaIIA211028s9999 xx 000 0 eng d a978-08194-6522-1 cIIA Library a624.041(063)bAL aSociety of Photo-Optical Instrumentation Engineers ConferencecAustraliad2006 Dec. 11-13930708 0aSmart structures, devices, and systems IIIbproceedings of SPIE conference held in Adelaide, Australia 11-13 December 2006cedited by Said F. Al-Sarawi  aWashingtonbThe International Society for Optical Engineeringc2007 a[various pagings.] aProceedings of SPIE; v. 6414 aDetectors-Congresses930709 aIntelligent control systems-Congresses930710 aMicroelectromechanical systems-Congresses930711 aSmart structures-Congresses930712 aAl-Sarawi, Said F., ed.930713 aSociety of Photo-optical Instrumentation Engineers cBK c16535d16535 00104070aBANbHOScGENd2007-08-06eEDS g6505.60l0o624.041(063)/ALp17457r2021-11-05v6505.60w2007-08-06yBKGRs. 6505.60